Score 0/33 Timer 10:00
0 Plays Today
% Correct
Best In Show
92.6%
Date Movie
90.7%
Handy Manny
88.9%
Raising Hope
85.2%
My Future Boyfriend
85.2%
Come On Over
85.2%
Ladies Man
85.2%
Get Smart
85.2%
Holyman Undercover
85.2%
How High
85.2%
Breast Men
85.2%
Fun With Dick and Jane
85.2%
Silver Streak
85.2%
Accidentally In Love
83.3%
Worst Week
83.3%
The Adventures of Captain Cross Dresser
83.3%
Maybe It's Me
83.3%
% Correct
Inside Schwartz
83.3%
Clueless
83.3%
Sodbusters
83.3%
Dream On
83.3%
50 Ways to Leave Your Lover
83.3%
Moving Violations
83.3%
Play Nice
81.5%
Watching Ellie
81.5%
Idle Hands
81.5%
Odd Job Jack
79.6%
Just Shoot Me!
79.6%
The Yank
79.6%
I'll Believe You
79.6%
I Could Never Be Your Woman
79.6%
When Billie Beat Bobby
77.8%
Wiener Park
74.1%
Remove Ads.
Support Sporcle.
Get the best of Sporcle when you Go Orange. This ad-free experience offers more features, more stats, and more fun while also helping to support Sporcle. Thank you for becoming a member.

You're not logged in!

Compare scores with friends on all Sporcle quizzes.
OR
Log In

Show Comments

Extras

Top Quizzes Today


Score Distribution

Your Account Isn't Verified!

In order to create a playlist on Sporcle, you need to verify the email address you used during registration. Go to your Sporcle Settings to finish the process.

Report this User

Report this user for behavior that violates our Community Guidelines.

Details: